Statystyki dla Estonia - Podział administracyjny (prowincje Estonii) - Mapa

Kliknij tutaj aby rozwiązać quiz!

Ogólne statystyki

  • Ten quiz został rozwiązany 284 razy
  • Średni wynik to 6 z 15

Odpowiedzi na mapie

Odpowiedzi skodowane kolorowo w zielono-czerwonej skali na mapie do tego quizu, zgodnie z poniższymi procentami.
 

Statystyki odpowiedzi

Prowincja / StolicaStolica% Poprawnych
HarjumaaTallinn
72%
TartuTartu
62%
HiumaKärdla
52%
ParnawaParnawa
45%
VõrumaaVõru
43%
JõgevamaaJõgeva
38%
RaplamaaRapla
38%
SaremaKuressaare
38%
Virumaa WschodniaJõhvi
35%
Virumaa ZachodniaRakvere
35%
JärvamaaPaide
33%
PõlvamaaPõlva
32%
ValgamaaValga
32%
LäänemaaHaapsalu
27%
ViljandimaaViljandi
20%

Rozkład punktacji

Percentyl według liczby udzielonych odpowiedzi

Procent ludzi z każdym wynikiem

Twoja historia wyników

Nie rozwiązałeś tego quizu